| 000 | 01226cam a2200361 a 4500 | ||
|---|---|---|---|
| 001 | 14456122 | ||
| 003 | ARRUPE | ||
| 005 | 20221130154022.0 | ||
| 008 | 060718s2006 rh ab b 000 0 eng | ||
| 010 | _a 2006318440 | ||
| 020 | _z9781779220501 | ||
| 020 | _a1779220502 | ||
| 028 | _bArrupe | ||
| 040 |
_aDLC _cDLC |
||
| 042 | _alcode | ||
| 043 | _af-rh--- | ||
| 050 | 0 | 0 |
_aP40.5.L322 _bZ556 2006 |
| 100 | 1 |
_aMumpande, Isaac, _d1974- _952174 |
|
| 245 | 1 | 0 |
_aSilent voices : _bindigenous languages in Zimbabwe : a report / _ccompiled by Isaac Mumpande. |
| 260 |
_aAvondale, Harare : _bWeaver Press, _c2006. |
||
| 300 |
_axv, 64 p. : _bill. ; maps ; _c24 cm. |
||
| 500 | _a"Silveira House." | ||
| 504 | _aIncludes bibliographical references (p. 63-64). | ||
| 650 | 0 |
_aLanguage maintenance _zZimbabwe. _952175 |
|
| 650 | 0 |
_aIndigenous peoples _zZimbabwe _xLanguage. _952176 |
|
| 650 | 0 |
_aLanguage policy _zZimbabwe. _946427 |
|
| 650 | 0 |
_aLanguage and culture _zZimbabwe. _946428 |
|
| 651 | 0 |
_aZimbabwe _xLanguages. _952177 |
|
| 710 | 2 |
_aSilveira House. _952178 |
|
| 906 |
_a7 _bcbc _corigode _d3 _encip _f20 _gy-gencatlg |
||
| 942 |
_2lcc _cMONOGRAPH |
||
| 999 |
_c131628 _d131628 |
||